Stolice świata - nagła śmierć - Statystyki

Ogólne statystyki
  • Ten quiz został rozwiązany 56 055 razy
  • Średni wynik to 10 z 28
Answers on the Grid
Answers color-coded by a green-red scale on the quiz's grid according to % correct below.
Al-Falludża
Ankara
Ateny
Auckland
Bagdad
Baku
Bangkok
Belmopan
Bogota
Dubaj
Dublin
Dżos
Freetown
Hamburg
Hawana
Helsinki
Johannesburg
Kapsztad
Lagos
Leeds
Lima
Londyn
Manila
Marakesz
Medellin
Memphis
Monrovia
Moskwa
Mumbaj
Nairobi
Nowy Jork
Osaka
Oslo
Porto
Rijad
Rzym
São Paulo
Seul
Split
Surabaja
Suva
Sydney
Tbilisi
Tijuana
Tokio
Toronto
Tunis
Turyn
Warszawa
Wiedeń
 
Statystyki odpowiedzi
Odpowiedź % Poprawnych
Ateny
83%
Ankara
76%
Dublin
59%
Bangkok
57%
Baku
54%
Bogota
48%
Helsinki
48%
Bagdad
47%
Londyn
38%
Rzym
35%
Hawana
34%
Oslo
34%
Warszawa
34%
Wiedeń
34%
Moskwa
33%
Tokio
32%
Lima
29%
Seul
26%
Kapsztad
23%
Tbilisi
23%
Tunis
22%
Freetown
21%
Manila
21%
Nairobi
21%
Rijad
20%
Belmopan
18%
Monrovia
10%
Suva
10%
Nie znaleziono quizów pasujących do podanych kryteriów
Rozkład punktacji
Procent ludzi z każdym wynikiem
Percentyl według liczby udzielonych odpowiedzi
Twoja historia wyników
Nie rozwiązałeś tego quizu